000 00354pam a2200157a 44500
008 230515b2002 xxu||||| |||| 00| 0 eng d
020 _aNULL
041 _aENGLISH
082 _aN.D.
100 _aKatre J S
245 _aIndustrial Electronics
250 _a0
260 _aNULL
_bTech Max Publcation Pune
_c2002
300 _aA-12
650 _aNULL
999 _c586019
_d586019